000 00607nam a22001817a 4500
005 20230921104256.0
010 _aENG-113372 ENG-137119
020 _a9789383098071
_c795.00
035 _aEN-96904 EN-120651
037 _bDBAD/PUB
082 _a306.0954
100 _aHamid Ansari, M.
_957211
245 _aTeasing Questions :
_bExploring Disconnects in Contemporary India /
_cBy M. Hamid Ansari
260 _aNew Delhi
_bNiyogi Books
_c2014
270 _aD-78, Okhla Industrial Area, Phase-I,
_bNew Delhi
_e110020
300 _ax,785p.
_c25cm(Hb)
942 _2ddc
_cEN
_mANS
_h306.0954
999 _c94692
_d94692